Statistics for Countries of Asia by Borders - 15 Second Sprint

Click here to take the quiz!

General Stats

  • This quiz has been taken 626 times
  • The average score is 29 of 48

Answer Stats

COUNTRY% Correct
China
99%
Kazakhstan
99%
Burma
98%
India
98%
Mongolia
98%
Nepal
98%
North Korea
98%
Pakistan
98%
Afghanistan
97%
Bhutan
97%
Laos
96%
Vietnam
96%
Kyrgyzstan
95%
Tajikistan
95%
Azerbaijan
89%
Iraq
77%
Iran
75%
Georgia
74%
Bangladesh
71%
Turkmenistan
71%
Sri Lanka
70%
Turkey
70%
Armenia
68%
Jordan
64%
Saudi Arabia
64%
Kuwait
61%
Malaysia
58%
Oman
56%
United Arab Emirates
55%
Yemen
55%
Qatar
53%
Syria
52%
Thailand
50%
Indonesia
49%
East Timor
45%
Cambodia
44%
Uzbekistan
36%
Israel
26%
Lebanon
24%
Japan
21%
South Korea
20%
Brunei
17%
Philippines
6%
Singapore
6%
Cyprus
3%
Taiwan
3%
Bahrain
2%
Maldives
2%

Score Distribution

Percentile by Number Answered

Percent of People with Each Score

Your Score History

You have not taken this quiz